[Event "40th IND-chT Open 2020"]
[Site "Ahmedabad"]
[Date "2020.02.09"]
[Round "4.1"]
[White "Adhiban, B.."]
[Black "Erigaisi Arjun"]
[Result "1-0"]
[WhiteElo "2654"]
[BlackElo "2563"]
[Annotator "TA"]
[PlyCount "57"]
[EventDate "2020.02.05"]
[EventCountry "IND"]
[SourceTitle "playchess.com"]
[Source "ChessBase"]
[SourceQuality "1"]

{[%evp 17,57,0,0,-18,15,8,14,6,18,15,15,0,0,0,0,0,0,0,0,0,0,0,318,335,648,641,653,659,651,642,1021,1015,1013,1013,999,993,993,991,964,960,879,863]} 1. d4 Nf6 2. c4 c6 3. Nc3 d5 4. Nf3 e6 5. Bg5 h6 6. Bh4 dxc4 7. e4 g5 8. Bg3 b5 9. Be2 Bb7 10. Qc2 {D43: Semi-Slav: 5 Bg5 h6.} Nbd7 11. Rd1 Nh5 (11... Bb4 {is more complex.}) 12. d5 {The position is equal.} exd5 13. exd5 cxd5 14. Nxd5 Nxg3 15. hxg3 {Strongly threatening Qe4+.} Bg7 16. Ne3 {Threatens to win with Nf5.} Qa5+ $1 17. Kf1 {Hoping for Nf5.} Rd8 $1 ({Avoid the trap} 17... Qxa2 $2 18. Nf5 $18) 18. Nf5 Kf8 19. Rd6 {[#]} Nb8 $146 {[%mdl 8192]} (19... Qxa2 $11 {and Black has nothing to worry.} 20. Nxg7 Kxg7) ({Predecessor:} 19... Bxf3 20. gxf3 Ne5 21. Qc3 Qc7 22. Rxd8+ Qxd8 23. Nxg7 Kxg7 24. Qxe5+ Qf6 25. Qxb5 h5 26. Qb4 Re8 27. Qc3 Qxc3 28. bxc3 {1-0 (28) Bok,B (2640)-Saric,I (2667) Khanty-Mansiysk 2019}) 20. Qd1 $5 {[%mdl 4] An interesting side line.} Bf6 $2 (20... Nc6 21. Rd7 Kg8 22. Ne7+ Kf8) 21. Nxg5 {White is clearly winning.} Qb6 {[#]} 22. Nxf7 $1 Rxd6 23. N7xd6 Bc6 24. Qd2 Qc5 25. Rxh6 Qe5 26. Rxh8+ Bxh8 27. Qh6+ Bg7 28. Nxg7 {[%mdl 64] [#] Overworked Piece} Qxg7 29. Qf4+ {Accuracy: White = 100%, Black = 66%.} 1-0

[Event "40th IND-chT Open 2020"]
[Site "Ahmedabad"]
[Date "2020.02.09"]
[Round "4.2"]
[White "Harsha Bharathakoti"]
[Black "Gupta, Abhijeet"]
[Result "1/2-1/2"]
[WhiteElo "2495"]
[BlackElo "2608"]
[Annotator "TA"]
[PlyCount "107"]
[EventDate "2020.02.05"]
[EventCountry "IND"]
[SourceTitle "playchess.com"]
[Source "ChessBase"]
[SourceQuality "1"]

{[%evp 11,107,-1,0,-5,-7,0,9,-15,-15,-15,-15,-4,-5,-16,-15,-18,-9,-6,-6,-4,-4,0,0,0,16,22,35,43,39,35,34,22,35,38,50,37,72,26,31,29,51,31,32,19,50,41,50,61,85,64,65,58,57,27,49,0,87,49,49,49,49,49,66,36,60,71,58,0,0,0,0,0,0,0,0,0,0,0,0,0,0,0,0,0,0,0,0,0,0,0,0,0,0,0,0,0,0,0]} 1. Nf3 Nf6 2. c4 g6 3. b4 Bg7 4. Bb2 O-O 5. g3 c6 6. Bg2 d5 7. cxd5 {A15: English Opening: 1...Nf6.} Nxd5 8. Bxg7 Kxg7 9. Qb3 Qb6 10. a3 a5 {[%cal Ra5b4]} 11. Nc3 axb4 12. Nxd5 cxd5 13. O-O {[#]} Nc6 $146 ({Predecessor:} 13... e6 14. Qxb4 Qxb4 15. axb4 Rxa1 16. Rxa1 Kf6 17. d4 Ke7 18. e3 Kd6 19. Bf1 Bd7 {½-½ (48) Haub,T (2368)-Lupor,A (2219) Germany 2017}) 14. axb4 Rxa1 15. Rxa1 Qxb4 16. Qxd5 Be6 17. Qd3 Bc4 18. Qe4 Ba6 19. Qxb4 Nxb4 20. Rb1 Nc6 21. d3 Rc8 22. Kf1 e5 23. Ke1 f5 24. Nd2 Nd8 25. Nb3 Rc7 26. Kd2 Kf6 27. Ra1 Ne6 28. Ra5 Rd7 29. Bd5 {[#] Black must now prevent Bxe6.} Nd4 30. Nxd4 exd4 $16 {[%mdl 4096] Endgame KRB-KRB} 31. Rc5 Rd6 32. Bc4 Rb6 33. Kc2 h5 (33... Bxc4 $11 34. dxc4 Rc6) 34. h4 g5 35. Bd5 Bb5 36. f4 g4 37. Rc7 Ba4+ 38. Kc1 Bc6 39. Bxc6 (39. Bc4 $1 $14) 39... Rxc6+ $11 {The position is equal.} 40. Rxc6+ bxc6 $14 {KP-KP} 41. Kc2 {[#] And now Kb3 would win.} Ke6 42. Kb3 Kd6 (42... c5 {looks sharper.} 43. Kc4 Kd6 44. Kb5 Kd5 45. Kb6 Kd6) 43. Ka4 c5 44. Ka3 Kc6 45. Ka4 Kb6 46. Ka3 $1 Ka5 (46... Kb5 $5 {[%cal Rc5c4]} 47. Kb3 Kc6 $11) 47. Kb3 {Hoping for Kc4.} Kb5 48. Kb2 Kb4 49. Kc2 Ka3 50. Kc1 Kb3 51. Kd2 Kb2 52. Kd1 Kc3 53. Kc1 Kb3 54. Kd2 {Accuracy: White = 86%, Black = 93%.} 1/2-1/2

[Event "40th IND-chT Open 2020"]
[Site "Ahmedabad"]
[Date "2020.02.09"]
[Round "4.3"]
[White "Karthikeyan, Murali"]
[Black "Matta, Vinay Kumar"]
[Result "1-0"]
[WhiteElo "2602"]
[BlackElo "2319"]
[Annotator "TA"]
[PlyCount "113"]
[EventDate "2020.02.05"]
[EventCountry "IND"]
[SourceTitle "playchess.com"]
[Source "ChessBase"]
[SourceQuality "1"]

{[%evp 21,113,42,34,21,20,20,20,20,20,17,17,16,25,25,57,62,50,48,60,40,106,93,127,134,131,134,211,195,206,171,171,161,162,163,172,168,171,168,168,168,168,168,166,147,166,166,158,149,166,165,166,166,163,167,166,149,208,207,263,245,239,247,236,176,183,143,26,41,510,504,450,406,708,635,652,587,967,951,1502,1358,12844,12844,12845,12845,12845,12846,12846,12844,12846,12846,12846,12847,12849,12849]} 1. e4 e5 2. Nf3 Nc6 3. Bb5 a6 4. Ba4 Nf6 5. d3 d6 6. c3 Be7 7. O-O O-O 8. Re1 b5 9. Bc2 Bg4 10. h3 Bh5 11. Nbd2 {[%cal Bb1d2,Bd2f1,Bf1g3][%mdl 32]} d5 12. Nf1 {C87: Closed Ruy Lopez: Steinitz-type lines after 6 Re1 d6.} dxe4 13. dxe4 Qxd1 14. Bxd1 {The position is equal.} Rfd8 15. Ng3 Bxf3 16. Bxf3 Nd7 17. Nf5 {[#]} Nc5 $146 ({Predecessor:} 17... Bf8 18. Be3 Nc5 19. Rad1 b4 20. cxb4 Nxb4 21. Rxd8 Rxd8 22. Rc1 Ncd3 23. Rxc7 Nxb2 {1-0 (50) Vlashki,N (2199)-Hristov,P (1985) Sofia 2008}) 18. Nxe7+ Nxe7 19. Be3 Nd3 20. Re2 Rd6 ({Black should try} 20... Nf4 $14) 21. a4 {aiming for axb5.} Rad8 22. axb5 axb5 23. Ra7 Nc6 (23... Nf4 $16) 24. Rxc7 $18 Na5 25. Bc5 Rc6 26. Rxc6 Nxc6 27. Be3 b4 28. Rd2 bxc3 29. bxc3 Nf4 30. Rxd8+ Nxd8 {[%mdl 4096] Endgame KBB-KNN} 31. g3 Nfe6 32. Kf1 Kf8 33. Ke2 Ke7 34. Kd3 Kd6 35. Kc4 Nb7 36. Bd1 Nec5 37. f3 Kc6 38. Be2 g6 (38... Na6 $16 39. Kb3 Nc7) 39. Kb4 f5 40. Bb5+ Kd6 41. exf5 gxf5 42. Bh6 Ne6 43. g4 f4 44. Bd3 Nbd8 $2 {[%mdl 8192] [#]} (44... Nbc5 $14 45. Bxh7 e4 46. fxe4 Ke5) 45. h4 Nc6+ 46. Ka3 e4 (46... Nb8 $142 47. Bxh7 Nc6) 47. Bxe4 {White is clearly winning.} Ne5 48. g5 Kc5 49. Bxh7 Nxf3 50. g6 Nxh4 51. g7 Nxg7 52. Bxg7 Ng2 53. Be4 Ne3 54. Kb3 Nf1 55. Kc2 Ng3 56. Kd3 Kb5 57. Be5 {Accuracy: White = 97%, Black = 58%.} 1-0

[Event "40th IND-chT Open 2020"]
[Site "Ahmedabad"]
[Date "2020.02.09"]
[Round "4.4"]
[White "Rahul Srivatshav P"]
[Black "Lalith Babu M R"]
[Result "1/2-1/2"]
[WhiteElo "2474"]
[BlackElo "2550"]
[Annotator "TA"]
[PlyCount "125"]
[EventDate "2020.02.05"]
[EventCountry "IND"]
[SourceTitle "playchess.com"]
[Source "ChessBase"]
[SourceQuality "1"]

{[%evp 23,125,-12,-13,-12,0,0,0,-20,-27,-33,-49,-81,-33,-20,-24,-39,-23,-20,-14,-17,-14,-14,-14,-13,-13,-16,-1,-3,-2,-9,-14,-15,-7,-6,-6,-5,0,-3,0,0,0,-6,-7,-8,0,-4,0,-4,-4,-20,-16,-13,-4,-4,0,-4,0,-15,-15,-13,-14,-13,-8,-110,-42,-110,-110,-112,-111,-115,-112,-114,-112,-115,-114,-121,-88,-83,-93,-82,-81,-96,-91,-123,0,-48,-8,-8,0,-41,-8,-123,0,0,0,0,0,0,0,0,0,0,0,0]} 1. d4 Nf6 2. c4 e6 3. Nf3 d5 4. Nc3 dxc4 5. e3 a6 6. Bxc4 b5 7. Bd3 Bb7 8. O-O c5 9. dxc5 Bxc5 10. a3 Nbd7 11. b4 Be7 12. Bb2 O-O 13. Qe2 {D48: Semi-Slav: Meran System: 7...b5 8 Bd3 a6.} Rc8 14. Rfd1 Qc7 {[#]} 15. Rdc1 $146 ({Predecessor:} 15. Rac1 Qb8 16. Nd2 Ne5 17. Bb1 Rfd8 18. h3 Qa8 19. f4 Ng6 20. Qf2 {½-½ (81) Sviridov,V (2528)-Svetushkin,D (2580) Barcelona 2018}) 15... Qb8 16. a4 Ng4 {Threatens to win with ...Bxf3.} 17. e4 bxa4 (17... Bxb4 {with more complications.} 18. axb5 Bc5 19. Nd1 axb5 20. Bxb5 Rfd8) 18. Nxa4 Rxc1+ 19. Rxc1 Bxb4 20. Bxa6 Bxa6 21. Qxa6 Nc5 22. Nxc5 Bxc5 23. Rxc5 Qxb2 24. Qf1 Ra8 25. h3 Nf6 26. Qd3 h6 27. Rc2 Qb7 28. Nd2 Ra1+ 29. Kh2 Qb8+ (29... Ra4 {feels hotter.} 30. Rc4 Rxc4 31. Qxc4 Qa7 32. Qc8+ Kh7) 30. Qg3 Qxg3+ 31. Kxg3 $11 {[%mdl 4096] Endgame KRN-KRN} Re1 32. Kf3 g5 33. Rc3 Rd1 34. Rd3 Kg7 35. Ke2 Ra1 36. h4 Nh5 37. Kf3 $1 Nf4 38. Re3 Ra2 39. hxg5 hxg5 40. g3 Nh3 41. Rd3 g4+ 42. Ke3 Ra1 43. f3 (43. f4 $11 {keeps the balance.}) 43... Re1+ $17 44. Kd4 Nf2 $1 {[%cal Rf2d3]} 45. Ra3 Re2 46. Nc4 gxf3 47. Re3 f6 48. e5 f5 {Strongly threatening ...Ng4.} 49. Rxf3 Re4+ 50. Kc5 Ng4 {...Rxc4+! is the strong threat.} 51. Rf4 Re1 52. Kd6 Kf7 53. Rd4 {[#]} Rc1 (53... Re2 $1 $17 54. Kc6 Nxe5+ 55. Nxe5+ Rxe5) 54. Nb6 Rc3 55. Nc4 Rc1 56. Nb6 Rc2 57. Na8 {[#]} (57. Nd7 $11) 57... Ne3 (57... Rb2 $1 $17 58. Nc7 Rb8) 58. Nc7 $11 {The position is equal.} Nc4+ 59. Rxc4 $1 Rxc4 60. Nxe6 Rg4 {( -> ...Rg6!)} 61. Nf4 Rxg3 62. e6+ Ke8 63. Ke5 {Accuracy: White = 88%, Black = 86%.} 1/2-1/2

[Event "40th IND-chT Open 2020"]
[Site "Ahmedabad"]
[Date "2020.02.09"]
[Round "4.5"]
[White "Raja Harshit"]
[Black "Narayanan, Srinath"]
[Result "0-1"]
[WhiteElo "2472"]
[BlackElo "2535"]
[Annotator "TA"]
[PlyCount "58"]
[EventDate "2020.02.05"]
[EventCountry "IND"]
[SourceTitle "playchess.com"]
[Source "ChessBase"]
[SourceQuality "1"]

{[%evp 10,58,19,24,25,22,20,20,30,16,16,2,8,4,4,6,15,14,41,-25,-11,-58,-52,-66,-64,-89,-70,-97,-50,-273,-284,-375,-243,-372,-165,-177,-176,-169,-159,-160,-154,-206,-217,-224,-191,-377,-376,-664,-627,-737,-727]} 1. e4 c6 2. Nf3 d5 3. Nc3 dxe4 4. Nxe4 Nf6 5. Qe2 Nxe4 6. Qxe4 Nd7 {B11: Caro-Kann: Two Knights Variation.} 7. Bc4 Nf6 8. Ne5 {[%csl Ge5][%cal Rc4f7]} e6 {The position is equal.} 9. Qe2 b5 {Nowadays more popular than 9...Be7.} 10. Bb3 Qc7 11. d4 Bd6 12. O-O O-O 13. Bf4 {[#]} c5 $5 $146 {[%mdl 8] New and interesting.} ({Predecessor:} 13... Bb7 14. Rad1 Rad8 15. Bg3 Ba8 16. c3 Qb7 17. f4 c5 18. f5 exf5 19. Rxf5 c4 {½-½ (34) Ragger,M (2674)-Nisipeanu,L (2659) Austria 2020}) 14. c4 ({White should play} 14. dxc5 $14 Qxc5 15. Rfd1) 14... cxd4 $11 {...d3! is the strong threat.} 15. c5 Bxc5 ({Much worse is} 15... Qxc5 $6 16. Rfc1 $14) 16. Rac1 {Threatens to win with Nd3.} Qb6 $1 17. Bg5 Nd7 18. Rfd1 a6 19. Bh6 $2 (19. Qc2 $15 d3 20. Nxd3) 19... gxh6 $19 20. Qg4+ Kh8 21. Qh5 {[#]} Nxe5 (21... d3 $142 $1 22. Rxd3 Bxf2+ 23. Kf1 Nxe5 24. Qxh6 Kg8) 22. Qxe5+ f6 23. Qxc5 Qxc5 24. Rxc5 {[#]} e5 $1 25. f4 (25. Re1 $17 {was necessary.}) 25... Bg4 26. Re1 {[#]} d3 $1 ({Weaker is} 26... exf4 27. h3 $15) 27. h3 $2 (27. Kf2 {was called for.}) 27... d2 28. Ra1 $2 (28. Rf1 Be2 29. Rf2 d1=Q+ 30. Bxd1 Bxd1 31. fxe5) 28... Rac8 29. Rc3 b4 {Accuracy: White = 42%, Black = 90%.} 0-1

[Event "40th IND-chT Open 2020"]
[Site "Ahmedabad"]
[Date "2020.02.09"]
[Round "4.6"]
[White "Satyapragyan, Swayangsu"]
[Black "Puranik, Abhimanyu"]
[Result "0-1"]
[WhiteElo "2403"]
[BlackElo "2597"]
[Annotator "TA"]
[PlyCount "58"]
[EventDate "2020.02.05"]
[EventCountry "IND"]
[SourceTitle "playchess.com"]
[Source "ChessBase"]
[SourceQuality "1"]

{[%evp 14,58,17,11,38,11,1,-3,28,-37,-31,-60,-58,-100,-60,-127,-122,-154,-156,-128,-144,-186,-186,-189,-177,-189,-182,-186,-179,-189,-174,-298,-245,-258,-245,-262,-268,-332,-325,-300,-286,-503,-358,-354,-353,-366,-358]} 1. e4 e5 2. Nf3 Nc6 3. Bc4 Bc5 4. d3 Nf6 5. Bg5 h6 6. Bh4 g5 7. Bg3 d6 8. c3 {is now more promising than 8.h3.} Qe7 {C54: Giuoco Piano: 4 c3 Nf6, main lines with 5 d4 and 5 d3.} 9. Nbd2 a6 10. a4 Ba7 {[#] The position is equal.} 11. Ba2 $146 (11. O-O $11) ({Predecessor:} 11. Nf1 Be6 12. Qe2 O-O-O 13. Bxe6+ Qxe6 14. Ne3 d5 15. Nf5 Nh5 16. Nd2 Nf4 17. Bxf4 exf4 {0-1 (49) Lu,S (2636)-Sethuraman,S (2664) Tianjin 2018}) 11... Nh5 $15 12. Bd5 Qf6 13. d4 Nxg3 (13... exd4 {is interesting.} 14. Bxc6+ bxc6 15. e5 Qg6 16. exd6 dxc3 17. Qe2+ Qe6) 14. hxg3 (14. fxg3 $15 exd4 15. Nxd4 Bxd4 16. Rf1) 14... g4 $17 15. Bxc6+ bxc6 16. Nh4 exd4 17. cxd4 Bxd4 {[%csl Gd4][%cal Rf6f2] [#]} 18. O-O Rb8 ({Resist} 18... Bxb2 19. Rb1 $17) 19. Nc4 O-O 20. Rc1 Re8 21. b3 c5 22. Nd2 (22. Qd3 $142) 22... Re5 23. Qc2 Bb7 24. Qd3 Rbe8 25. b4 Bxe4 26. Nxe4 Rxe4 27. Qxa6 $2 {[#]} (27. bxc5 {was necessary.} dxc5 28. Rc2) 27... Re2 {[%cal Re2f2]} 28. bxc5 Rxf2 29. Kh1 {If White can now play cxd6 this consolidates a bit.} Bxc5 {Accuracy: White = 42%, Black = 86%.} 0-1

[Event "40th IND-chT Open 2020"]
[Site "Ahmedabad"]
[Date "2020.02.09"]
[Round "4.7"]
[White "Visakh N R"]
[Black "Swayams, Mishra"]
[Result "1-0"]
[WhiteElo "2518"]
[BlackElo "2485"]
[Annotator "TA"]
[PlyCount "85"]
[EventDate "2020.02.05"]
[EventCountry "IND"]
[SourceTitle "playchess.com"]
[Source "ChessBase"]
[SourceQuality "1"]

{[%evp 12,85,24,16,17,15,37,20,14,9,15,20,17,5,10,5,42,42,43,50,48,61,53,40,62,32,123,76,82,83,143,40,133,74,127,137,136,127,114,109,133,85,117,112,337,338,377,369,1013,366,360,361,364,358,368,358,373,374,462,438,517,535,529,529,497,456,522,527,525,526,524,509,595,584,547,532]} 1. d4 Nf6 2. c4 e6 3. Nf3 d5 4. Nc3 Be7 5. Bf4 O-O 6. e3 b6 7. Bd3 dxc4 {is the new trend. D37: Queen's Gambit Declined: 5 Bf4.} 8. Bxc4 Ba6 9. Bxa6 Nxa6 {The position is equal.} 10. Qe2 Qc8 11. O-O Qb7 12. e4 {[#]} Rad8 $146 ({Predecessor:} 12... c5 13. Rad1 Rad8 14. a3 cxd4 15. Nxd4 Rd7 16. Ndb5 Rfd8 17. b4 {½-½ (17) Simeonov,L (2279)-Jørgensen,B (2315) ICCF email 2017}) 13. Rad1 Rfe8 14. Rfe1 $36 {[%mdl 2048] White has good play.} c6 15. Bg5 h6 16. Bh4 Nc7 17. Ne5 b5 18. Rd3 Qb6 (18... b4 $14) 19. Red1 Nd7 20. Bg3 Nf6 (20... b4 $142) 21. Qf3 (21. Bf4 $16) 21... Na6 ({Black should play} 21... c5 $14) 22. R3d2 (22. Bh4 $142) 22... Nb8 {[#]} (22... b4 $142) 23. Nxf7 $1 $16 Kxf7 24. e5 {[%mdl 64] Pin} Nbd7 25. exf6 Nxf6 26. Be5 Kg8 27. Qh3 Kh8 $2 {[#]} (27... c5 $16) 28. Ne4 $1 $18 {[%mdl 512] Nxf6 is the strong threat.} Ng8 (28... Nxe4 29. Qxh6+) 29. Qg3 {[%csl Ge5][%cal Rg3g7]} Bf8 $2 (29... Bf6 30. Nxf6 Nxf6 31. Bxf6 gxf6) 30. Bc7 $2 (30. Qg6 {Strongly threatening Rd3.} c5 31. dxc5 Rxd2 32. Rxd2 (32. cxb6 $2 {is a self mate.} Rxd1#)) 30... Qb7 31. Bxd8 Rxd8 32. Nc5 Qf7 33. Qe5 Bd6 34. Qxe6 Qh5 35. h3 {Hoping for Nb7.White is clearly winning.} Bxc5 36. dxc5 Rxd2 37. Rxd2 {Threatening mate with Rd8!} Qxc5 {[%mdl 4096] Endgame White must now prevent ...Qc1+. KQR-KQN} 38. Qd6 Qc1+ 39. Kh2 Nf6 40. Qd8+ Ng8 41. b3 c5 42. Qd3 Qe1 {[#]} 43. Qe3 $1 {Accuracy: White = 76%, Black = 56%.} 1-0

[Event "40th IND-chT Open 2020"]
[Site "Ahmedabad"]
[Date "2020.02.09"]
[Round "4.8"]
[White "Bakre, Tejas"]
[Black "Harshavardhan G B"]
[Result "0-1"]
[WhiteElo "2425"]
[BlackElo "2377"]
[Annotator "TA"]
[PlyCount "78"]
[EventDate "2020.02.05"]
[EventCountry "IND"]
[SourceTitle "playchess.com"]
[Source "ChessBase"]
[SourceQuality "1"]

{[%evp 9,78,-6,28,0,52,44,70,68,69,89,68,71,140,142,140,150,154,150,159,132,183,161,219,215,230,180,157,166,161,117,125,125,112,0,0,-47,-27,-38,-45,-79,-87,-72,-72,-272,-266,-237,-243,-406,-379,-578,-578,-578,-578,-578,-578,-571,-571,-566,-556,-545,-552,-1024,-987,-29986,-29985,-29985,-29985,-29992,-29993,-29993,-29994]} 1. d4 Nf6 2. Bf4 d5 3. e3 c5 4. c3 Nc6 5. Nd2 g6 6. Ngf3 {D00: 1 d4 d5: Unusual lines.} Bg7 ({Better is} 6... Qb6 $11) 7. dxc5 $14 a5 {[#]} 8. a4 $146 {White is slightly better.} ({Predecessor:} 8. Ne5 Nd7 9. Nxd7 Bxd7 10. Nf3 e5 11. Bg5 f6 12. Bh4 g5 13. Bg3 Be6 14. Bb5 {0-1 (26) Guenther,A (1991)-Engel,J (1830) Heusenstamm 2017}) 8... Nh5 9. Bg5 h6 10. Bh4 g5 (10... O-O $142) 11. Nd4 $1 $16 Nf6 12. Bg3 O-O 13. Be2 Re8 14. h4 e5 (14... g4 $16) 15. Nb5 Bf8 (15... g4 {was worth a try.} 16. Nd6 Rf8) 16. hxg5 $18 hxg5 17. Nb3 Be6 18. Qc2 b6 19. cxb6 Qxb6 20. Nd2 Rac8 21. Nf3 (21. Rd1 $16) 21... Ne4 $1 $11 22. Bxe5 ({Don't play} 22. Nxe5 Bf5 $19) (22. Rh5 {is more complex.} f6 23. Bh2 Nb4 24. Qd1 Bf7 25. cxb4 Kg7 26. Rh3) 22... Nxe5 23. Nxe5 Bf5 24. g4 Rxe5 25. gxf5 {Nd4 is the strong threat.} Nxf2 $1 26. Rf1 $2 (26. Kxf2 $17 Qxe3+ 27. Ke1) 26... Qxe3 $19 ({Not} 26... Nh3 27. Qd2 $15) 27. Rxf2 {[#] Threatens to win with Qd2.} Bc5 $1 28. Rg2 $2 (28. Rf1 Rce8 29. Nc7 Qxe2+ 30. Qxe2 Rxe2+ 31. Kd1) 28... Qf3 {[%mdl 64] Double Attack} 29. Rxg5+ {[#]} (29. O-O-O {was forced.} Qxg2 30. Bd3 Qxc2+ 31. Kxc2) 29... Kf8 $1 {( -> ...Qh1+)} 30. O-O-O Rxe2 31. Qd3 Be3+ 32. Kb1 Qf2 33. Qxd5 {Intending Qd6+ and mate.} Bxg5 34. Nd6 {[%csl Gd6][%cal Rd5f7]} Rc7 35. Ne4 {[#]} Qb6 $1 {[%csl Ge2][%cal Rb6b2]} 36. b4 axb4 {Black mates.} 37. c4 Qe3 38. Qa8+ {[#]} Kg7 $1 39. f6+ Bxf6 {Accuracy: White = 48%, Black = 80%.} 0-1

[Event "40th IND-chT Open 2020"]
[Site "Ahmedabad"]
[Date "2020.02.09"]
[Round "4.9"]
[White "Vignesh N R"]
[Black "Samal Ansuman"]
[Result "1-0"]
[WhiteElo "2436"]
[BlackElo "1910"]
[Annotator "TA"]
[PlyCount "57"]
[EventDate "2020.02.05"]
[EventCountry "IND"]
[SourceTitle "playchess.com"]
[Source "ChessBase"]
[SourceQuality "1"]

{[%evp 18,57,39,26,50,45,70,55,58,47,58,64,110,96,127,129,128,127,241,128,152,139,187,177,215,208,416,422,408,363,371,351,350,349,347,343,341,321,341,337,426,414]} 1. e4 d5 2. exd5 Nf6 3. Nf3 Nxd5 4. d4 Bg4 5. Be2 e6 6. O-O Be7 7. Ne5 Bxe2 8. Qxe2 O-O 9. c4 Nf6 10. Rd1 Nbd7 {B05: Alekhine's Defence: 4 Nf3 Bg4.} 11. Nc3 c6 12. Bf4 Re8 {White is slightly better.} 13. Rd3 Nf8 14. Rad1 Qa5 15. h4 Rad8 {[#]} 16. h5 $146 ({Predecessor:} 16. Qf3 Ng6 17. Bg3 Bd6 18. h5 Bxe5 19. hxg6 Bxg3 20. gxf7+ Kxf7 21. Qxg3 e5 22. d5 {1-0 (61) Alekseev,E (2604)-Gareyev,T (2525) Cochin 2004}) 16... c5 17. h6 g6 (17... Ng6 $16 18. Nxg6 hxg6) 18. d5 (18. Bd2 $18 Qc7 19. Nb5) 18... exd5 $16 19. cxd5 Bd6 20. Re3 $36 {[%mdl 2048] White has strong initiative.} Nh5 {[#]} 21. Bg5 $1 {And now Nc4 would win.} f6 $2 (21... Rxe5 22. Bxd8 (22. Rxe5 f6 $14) 22... Rxe3 23. Bxa5 Rxe2 24. Nxe2 Nd7) 22. Nc4 $18 {[%mdl 64] Discovered Attack} Rxe3 23. Bxe3 (23. Nxa5 $2 {loses.} Rxe2 24. Nxe2 fxg5 $19) 23... Qa6 24. Nxd6 Qxd6 25. Ne4 {[%cal Bc3e4,Be4c5,Bc5d3][%mdl 32]} Qe5 26. Nxc5 ({Not} 26. Bxc5 Re8 $16) 26... b6 27. Nd3 Qxd5 28. g4 Qe4 {intending ...Ne6.} 29. gxh5 {Accuracy: White = 85%, Black = 45%.} 1-0

[Event "40th IND-chT Open 2020"]
[Site "Ahmedabad"]
[Date "2020.02.09"]
[Round "4.10"]
[White "Pattnayak Nilsu"]
[Black "Ravi, Teja S."]
[Result "0-1"]
[WhiteElo "1950"]
[BlackElo "2470"]
[Annotator "TA"]
[PlyCount "88"]
[EventDate "2020.02.05"]
[EventCountry "IND"]
[SourceTitle "playchess.com"]
[Source "ChessBase"]
[SourceQuality "1"]

{[%evp 10,88,4,0,32,8,28,2,-3,-7,6,-16,-8,-25,0,0,111,115,83,79,82,81,92,88,85,62,83,13,27,14,25,-30,-29,-206,-210,-202,-199,-224,-235,-272,-195,-175,-181,-177,-179,-207,-162,-172,-159,-283,-290,-287,-277,-262,-229,-248,-237,-283,-282,-318,-311,-368,-337,-547,-547,-547,-540,-540,-540,-540,-540,-540,-540,-540,-515,-540,-499,-499,-499,-499,-491]} 1. e4 c6 2. d4 d5 3. exd5 cxd5 4. Bd3 Nf6 5. h3 Nc6 6. c3 Ne4 {B13: Caro-Kann: Exchange Variation and Panov-Botvinnik Attack.} 7. Nf3 Bf5 $1 8. Bf4 e6 {The position is equal.} 9. O-O {[#]} g5 $146 ({Predecessor:} 9... Bd6 10. Bxd6 Nxd6 11. Bxf5 Nxf5 12. Re1 O-O 13. Nbd2 Rc8 14. Re2 Qd6 15. Qb3 Rc7 {½-½ (33) Pueschel,W (2055)-Trostel,U (1871) Berlin 2019}) 10. Bh2 (10. Be5 $5 {[%cal Re5h8]} f6 11. Bh2 $11) 10... h5 11. Ne5 g4 12. f3 g3 (12... gxf3 $1 $11 13. Qxf3 Nxe5 14. Bxe5 Rg8) 13. fxe4 $16 gxh2+ 14. Kh1 $1 dxe4 15. Bb5 Qc7 16. Qa4 {[%cal Re5c6]} Rc8 {[%cal Ba8c8,Bc8c7,Bc7g7][%mdl 32]} 17. Qxa7 f6 18. Nxc6 (18. Bxc6+ $16 bxc6 19. Qxc7 Rxc7 20. Nc4) 18... bxc6 $11 19. Qxc7 Rxc7 20. Bc4 ({White should play} 20. Ba4 $1) 20... Rg7 {...Rhg8 is the strong threat.} 21. Rxf5 $2 (21. Nd2 $11) 21... exf5 $19 22. Nd2 Rh6 $1 23. Be2 Kd8 24. Kxh2 h4 25. Bf1 Rhg6 26. Re1 Re7 27. Be2 f4 {Hoping for ...f3!} 28. Bg4 {[#]} Reg7 $1 {Strongly threatening ...f5!} 29. Rg1 {[#]} (29. Nxe4 $17 f5 30. Bxf5 Rxg2+ {[%mdl 64] Double Attack} 31. Kh1) 29... f3 $1 {[%cal Rf3f2][%mdl 512]} 30. gxf3 {[#]} f5 $1 {[%mdl 512]} 31. Nxe4 (31. Bxf5 Bd6+) 31... fxe4 ({But not} 31... fxg4 32. hxg4 Rf7 33. Kg2 $17) 32. fxe4 Rf6 {And now ...Rf2+ would win.} 33. Rg2 c5 34. e5 Rf1 35. Rd2 cxd4 36. cxd4 $2 (36. Kg2 Rf4 37. a4) 36... Rgf7 {Black is clearly winning.} 37. Kg2 Bh6 38. Rc2 Be3 39. Rc8+ Ke7 {[%csl Ge3,Gf1][%cal Rf7f2]} 40. Rc7+ {[#]} Kf8 $1 {[%csl Ge3,Gf1][%cal Rf7f2]} 41. Rxf7+ Rxf7 42. d5 Rf2+ 43. Kh1 Bf4 44. e6 Rxb2 {Accuracy: White = 49%, Black = 84%.} 0-1